Menkul sermaye iratlarının vergilendirilmesi (Record no. 5798)

MARC details
000 -BAŞLIK
Sabit Uzunlukta Kontrol Alanı 00755na a2200253 4500
001 - KONTROL NUMARASI
Denetim Alanı 18842
003 - KONTROL NUMARASI IDENTIFIER
Denetim Alanı MIRAKIL
005 - SON İŞLEM TARİHİ VE ZAMANI
Denetim Alanı 20181213155047.0
008 - SABİT-BOY VERİ ELEMANLARI - GENEL BİLGİLER
Sabit Uzunlukta Kontrol Alanı 161201b tu 000 0
040 ## - KATALOGLAMA KAYNAK
Orijinal Kataloglama Ajansı Milas
Kataloglama Dili tur
Metne Dönüştürmek Ajansı TR-AnCHP
041 ## - DİL KODU
Metin / Ses Parça Veya Ayrı Başlığın Dil Kodu tur
082 ## - DEWEY ONLU SINIFLANDIRMA NUMARASI
Sınıflandırma Numarası 336.242
Ürün Numarası Ö99m 1999
090 ## - SINIFLAMA NUMARASI
Sınıflama Numarası 336.242 Ö99m 1999
100 ## - ANA GİRİŞ - KİŞİSEL İSİM
Kişisel Ad Özyürek, Mustafa
245 ## - BAŞLIK TABLOSU
Başlık Menkul sermaye iratlarının vergilendirilmesi
Sorumluluk Tablosu, Vb Mustafa Özyürek, Erdal Sönmez, Garip Ayaz
260 ## - YAYIN, DAĞITIM, VB
Yayın, Dağıtım, Vb Yeri Ankara
Yayıncı, Dağıtıcı, Vs Adı TÜRMOB Yayınları
Yayın, Dağıtım, Vb Tarihi 1999
300 ## - FİZİKSEL TANIM
Kapsam 58 s.
Boyutlar 19 sm.
440 ## - SERİSİ TABLOSU / KATMA GİRİŞİ - BAŞLIK
Başlık Sirküler Rapor Yayınları
Hacim / Ardışık Tanımı Seri No: 3
490 ## - SERİSİ TABLOSU
Seri Beyanı TÜRMOB yayınları
Hacim / Ardışık Tanımı 58
650 ## - KONU KATMA GİRİŞ - TOPİKAL DÖNEM
Topikal Süreli Veya Coğrafi Ad Giriş Elemanı Vergilendirme
Genel Alt Bölümü Kişisel gelirler
700 ## - KATMA GİRİŞ - KİŞİSEL İSİM
Kişisel Ad Ayaz, Garip
700 ## - KATMA GİRİŞ - KİŞİSEL İSİM
Kişisel Ad Sönmez, Erdal
942 ## - EKLENDİ GİRİŞ ELEMANLARI (KOHA)
Sınıflandırma Veya Raf Düzeni Kaynak Dewey Decimal Classification
Koha Öğesi Türü Books
999 ## - SİSTEM KONTROL NUMARALARI (KOHA)
Koha Biblionumber 5798
Koha Biblioitemnumber 5798
Holdings
Kalıcı Konum Mevcut Konum Edinme Tarihi Edinim Kaynak Toplam Check-Out'Lar Tam Çağrı Numarası Barkod Tarih Son Görülme İtibaren Geçerli Fiyatlar Koha Öğesi Türü
CHP Kütüphanesi CHP Kütüphanesi 12/01/2016 Bağış   336.242 Ö99m 1999 010082 12/01/2016 12/01/2016 Books